| 000 | 01004nam a22003377a 4500 | ||
|---|---|---|---|
| 003 | CHAP | ||
| 005 | 20220817043630.0 | ||
| 008 | 000229d1999 it a rn 00110 fre d | ||
| 010 | _a80183 | ||
| 011 | _a81155 | ||
| 020 | _a9252042490 | ||
| 035 | _a91617 | ||
| 040 | _cCHAP | ||
| 082 | 0 | 4 |
_a675.84 _bF3f |
| 110 | 2 | _aFAO | |
| 245 | 1 | 0 |
_aModèle de L'offre mondiale de fibres _c/ par Gary Bull, Warren Mabee et Robert Scharpenberg |
| 260 |
_aRome : _bFAO, _c1999. |
||
| 300 |
_a130 p. : _bilus. ; gráfs. |
||
| 590 |
_aBATCH-UPD _b10 _c20130110 _lUCH01 _h0438 |
||
| 590 |
_aBATCH-UPD _b10 _c20130110 _lUCH01 _h2214 |
||
| 590 |
_aCONVERSION _b10 _c20130109 _lUCH01 _h1345 |
||
| 650 | 1 | 4 |
_aFibra de madera. _940690 |
| 650 | 1 | 4 |
_aFibras. _940693 |
| 700 | 0 |
_aBull, Gary. _916028 |
|
| 700 | 0 |
_aMabee, Warren. _969319 |
|
| 700 | 0 |
_aScharpenberg, Robert. _9102907 |
|
| 901 | _aBK | ||
| 905 | _aPatricia Mendoza P. | ||
| 942 | _cLIBRO | ||
| 949 |
_a675.84 F3f _bBC _cFAO _d33724000757787 _eFAO1 _h97185 _i91617 _sb |
||
| 999 |
_c80183 _d80183 |
||